• 首页
  • 本馆介绍
  • 公告通知
  • 最新文献
  • 馆藏检索
  • 电子资源
  • 读者导购
  • 参考咨询
  • 我的图书馆
  • 登录
  • 详细信息显示
  • 放入我的书架
  • 预约/预借图书
  • 作者相关作品
  • 分类相关作品
  • 丛书相关作品
  • 出版社相关作品

书目信息

  • 表格格式
  • 工作单格式
  • 卡片格式
题名:
农民增收新论
    
 
作者: 李凤瑞 著
分册:  
出版信息: 北京   中共中央党校出版社  2002
页数: 266页
开本: 20cm
丛书名:
单 册:
中图分类: F323.8
科图分类:
主题词: 农民--收入--增加--研究--中国
电子资源:
ISBN: 7-5035-2678-5
000 00850nam0 2200241 450
000 00882nam0 2200253 450
000 00813nam0 2200229 450
000 00776nam0 2200217 45
005 20070529160231.78
010    @a7-5035-2678-5@dCNY15.00
100    @a20051101d2002 ekmy0chiy0120 ea
101 0  @achi
102    @aCN@b110000
105    @ay z 000yy
200 1  @a农民增收新论@ANong Min Zeng Shou Xin Lun@f李凤瑞著@FLi Feng Rui Zhu
210    @a北京@c中共中央党校出版社@d2002
215    @a266页@d20cm
330    @a本书内容包括我国农民收入状况的实证分析、实施农业产业化经营、推进农业和农村经济结构的战略性调整、推进农村税费改革、大力发展乡镇企业、转移农村剩余劳动力等十一章。
606 0  @a农民@x收入@x增加@x研究@y中国
690    @aF323.8@v4
701  0 @a李凤瑞@ALi Feng Rui@4著
801  0 @aCN@bFYSX@c20070529
905    @a10447@dF323.8@e77
    
    农民增收新论/李凤瑞著.-北京:中共中央党校出版社,2002
    266页;20cm
    
    
    ISBN 7-5035-2678-5:CNY15.00
    本书内容包括我国农民收入状况的实证分析、实施农业产业化经营、推进农业和农村经济结构的战略性调整、推进农村税费改革、大力发展乡镇企业、转移农村剩余劳动力等十一章。
●
相关链接 在E读中查询图书 在五车中查询图书 在当当中查询图书 在豆瓣中查询图书


正题名:农民增收新论     索取号:F323.8/77         预约/预借

序号 登录号 条形码 馆藏地/架位号 状态 备注
1 0510901   205109014   第一样本阅览室/ [索取号:F323.8/77] 在馆    
2 0510902   205109023   第一借阅区/ [索取号:F323.8/77] 在馆    
3 0510903   205109032   第一借阅区/ [索取号:F323.8/77] 在馆    
4 0510904   205109041   密集书库/ [索取号:F323.8/77] 在馆    
5 0510905   205109050   第一借阅区/ [索取号:F323.8/77] 在馆    
6 0510906   205109069   第一借阅区/ [索取号:F323.8/77] 在馆    
7 0510907   205109078   密集书库/ [索取号:F323.8/77] 在馆    
8 0510908   205109087   密集书库/ [索取号:F323.8/77] 在馆    
唐山师范学院图书馆 欢迎您!
大连网信软件有限公司© 版权所有